• 首页
  • 本馆介绍
  • 公告通知
  • 最新文献
  • 馆藏检索
  • 电子资源
  • 读者导购
  • 参考咨询
  • 我的图书馆
  • 登录
  • 详细信息显示
  • 放入我的书架
  • 预约/预借图书
  • 作者相关作品
  • 分类相关作品
  • 丛书相关作品
  • 出版社相关作品

书目信息

  • 表格格式
  • 工作单格式
  • 卡片格式
题名:
北洋军阀统治时期史话
    
 
作者: 陶菊隐 著
分册: 第五册  
出版信息:   三联书店  1958.5
页数: 224页
开本: 20cm
丛书名:
单 册:
中图分类: K258.2
科图分类:
主题词: 中国--历史--1840~1949
电子资源:
ISBN:
000 00573nam0 2200181 45
001 0312221749
005 20060728112453.20
010    @dCNY0.45
100    @a20031222d1958 km y0chiy0120 ea
101    @achi
200 1  @a北洋军阀统治时期史话@Abei yang jun fa tong zhi shi qi shi hua@h第五册@f陶菊隐著@FTao Ju Yin Zhu@e五四运动和直皖战争时期(1919.1-1920.12)
210    @c三联书店@d1958.5
215    @a224页@d20cm
606 0  @a中国@x历史@z1840~1949
690    @aK258.2@v3
701 0  @a陶菊隐@4著
801    @aCN@bTSTCL@c20060728
905    @a213230@dK258.2@e44:5@b179719@f1
    
    北洋军阀统治时期史话.第五册/陶菊隐著:五四运动和直皖战争时期(1919.1-1920.12).-三联书店,1958.5
    224页;20cm
    
    
    ISBN :CNY0.45
    
●
相关链接 在E读中查询图书 在五车中查询图书 在当当中查询图书 在豆瓣中查询图书


正题名:北洋军阀统治时期史话     索取号:K258.2/44:5         预约/预借

序号 登录号 条形码 馆藏地/架位号 状态 备注
1 0179719   001293969   第二样本阅览室/ [索取号:K258.2/44:5] 在馆    
2 0436217   204362171   密集书库/ [索取号:K258.2/44:5] 在馆    
3 0436218   204362180   密集书库/ [索取号:K258.2/44:5] 在馆    
4 0436961   204369619   密集书库/ [索取号:K258.2/44:5] 在馆    
唐山师范学院图书馆 欢迎您!
大连网信软件有限公司© 版权所有